000 00375pab a2200145 454500
008 180718b1983 xxu||||| |||| 00| 0 eng d
100 _aSandesara, J.C.
245 _aEconomic of black income
_bA critique of Gutmann method
260 _c1983
300 _a547-50
362 _a2 Apr.
650 _aMoney - India
773 _aEconomic and Political Weekly
909 _a13713
999 _c13713
_d13713